00246 a2200121 4500001000700000020000600007040001100013100002200024240003300046245002800079300000800107362000900115182784 a  cMagnum aStowe, H. Beecher10aA cabana do pai Tomáslpor10aA cabana do pai Tomás a1530 a1999